<?xml version="1.0" encoding="UTF-8"?>
<marc:record xmlns:marc="http://www.loc.gov/MARC21/slim">
   <marc:leader>00000nam a2200000 a 4500</marc:leader>
   <marc:datafield ind1="0" ind2="0" tag="245">
      <marc:subfield code="a">Tully</marc:subfield>
   </marc:datafield>
   <marc:datafield ind1="0" ind2="0" tag="245">
      <marc:subfield code="b">diese verdammte Mutterglück</marc:subfield>
   </marc:datafield>
   <marc:datafield ind1=" " ind2="1" tag="264">
      <marc:subfield code="a">Berlin</marc:subfield>
      <marc:subfield code="b">DCM Film Distribution GmbH</marc:subfield>
   </marc:datafield>
   <marc:datafield ind1="1" ind2=" " tag="520">
      <marc:subfield code="a">Marlo (Charlize Theron) hat gerade erst ihr drittes Kind bekommen, als ihr Bruder ihr ein besonderes Geschenk macht: Eine Night nanny, die sich nachts um die Kinder kümmern soll. Marlo ist zunächst skeptisch gegenüber dem Gedanken, Hilfe von einer fremden Person anzunehmen, doch als sie die junge, schlaue und witzige Nanny namens Tully kennenlernt, entwickelt sich eine einzigartige Freundschaft zwischen den beiden Frauen. Ein warmherziges, sensibles und humorvolles Portrait über Mutterschaft.</marc:subfield>
   </marc:datafield>
   <marc:datafield ind1="3" ind2=" " tag="024">
      <marc:subfield code="a">4061229088008</marc:subfield>
   </marc:datafield>
   <marc:datafield ind1=" " ind2=" " tag="041">
      <marc:subfield code="a">ger</marc:subfield>
   </marc:datafield>
   <marc:datafield ind1="1" ind2=" " tag="521">
      <marc:subfield code="a">FSK ab 12 freigegeben</marc:subfield>
   </marc:datafield>
   <marc:datafield ind1="1" ind2=" " tag="521">
      <marc:subfield code="a">12</marc:subfield>
   </marc:datafield>
   <marc:datafield ind1=" " ind2=" " tag="338">
      <marc:subfield code="a">Videodisk</marc:subfield>
   </marc:datafield>
   <marc:datafield ind1=" " ind2=" " tag="300">
      <marc:subfield code="a">1 DVD-Video</marc:subfield>
   </marc:datafield>
</marc:record>
